| 000 | 00612nam a2200181 i 4500 | ||
|---|---|---|---|
| 001 | 19860 | ||
| 003 | ES-MaACL | ||
| 005 | 20230906152159.0 | ||
| 007 | t| | ||
| 008 | 021022s1914 sp ||||1| spa d | ||
| 100 | 1 |
_aÁlvarez Quintero, Serafín, _d1871-1938 _9226443 |
|
| 245 | 1 | 4 |
_aLos leales _b: comedia en tres actos / _cSerafín y Joaquín Alvarez Quintero. |
| 260 |
_aMadrid : _b[s.n.], _c1914 ( _fImp. de Regino Velasco) |
||
| 300 |
_a109 p. ; _c20 cm. |
||
| 700 | 1 |
_aÁlvarez Quintero, Joaquín, _d1873-1944 _920922 |
|
| 852 |
_aES-MaACL _jF-8654 _q. - Encuadernado con otras obras |
||
| 999 |
_c19860 _d19860 |
||